Statistics for Back to Black Lyrics

Click here to take the quiz!

General Stats

  • This quiz has been taken 189 times
  • The average score is 14 of 21

Answer Stats

Lyrics% Correct
{Black} - X7
94%
I'll go back to {black}
94%
You go back to {her}
90%
Kept his dick {wet}
88%
He left no time to {regret}
86%
We only said goodbye {with} {words}
85%
I {died} a hundred times
82%
Get on {without} my guy
75%
And my {tears} {dry}
72%
Me and my {head} {high}
68%
With his same old {safe} {bet}
63%
My odds are {stacked}
62%
It's not {enough}
60%
So far {removed} from all that we went through
59%
I love you {much}
56%
You went back to {what} {you} {knew}
55%
I go back to {us}
53%
And I tread a {troubled} {track}
46%
And I'm a tiny penny rolling up the {walls} {inside}
40%
And life is like a {pipe}
34%
You love blow and I {love} {pow}
5%

Score Distribution

Percentile by Number Answered

Percent of People with Each Score

Your Score History

You have not taken this quiz